|
|
|
|
| LEADER |
01110nam a2200253 u 4500 |
| 001 |
10115831 |
| 003 |
upatras |
| 005 |
20210120131817.0 |
| 008 |
150420s1984 gre |
| 040 |
|
|
|a GR-PaULI
|c GR-PaULI
|b gre
|e AACR2
|
| 041 |
1 |
|
|a gre
|h eng
|
| 082 |
1 |
4 |
|a 811.54
|2 23
|
| 100 |
1 |
|
|a Bukowski, Charles,
|d 1920-1994
|4
|e συγγραφέας
|9 137996
|
| 240 |
|
|
|a Notes of a dirty old man
|l Ελληνικά
|
| 245 |
1 |
0 |
|a [ Σημειώσεις ενός πορνόγερου] :
|b πεζά /
|c Τσαρλς Μπουκόβσκι / μετάφραση Ντίνα Σώτηρα
|
| 260 |
|
|
|a Αθήνα :
|b Απόπειρα,
|c 1984
|
| 300 |
|
|
|a 2 τ. :
|b εικ. ;
|c 19 εκ.
|
| 500 |
|
|
|a τ. 2. - 125 σ. --
|
| 700 |
1 |
|
|9 160156
|a Σώτηρα, Ντίνα
|e μεταφράστρια
|
| 765 |
|
|
|i Μετάφραση του :
|t Notes of a dirty old man
|
| 942 |
|
|
|2 ddc
|c BK15
|
| 952 |
|
|
|0 0
|1 0
|2 ddc
|3 τ.2
|4 0
|6 811_540000000000000_BUK
|7 0
|9 209929
|a LISP
|b LISP
|c BSC
|d 2017-02-14
|i 135730
|l 4
|m 1
|o 811.54 BUK
|p 025000253761
|r 2018-10-01 00:00:00
|s 2018-09-24
|t 1
|y BK15
|
| 998 |
|
|
|c ΜΠΟΥΡΑΣ
|d 2017-02
|
| 999 |
|
|
|c 127814
|d 127814
|